El genio de Salvador Dalí

I tiakina i:
Ngā taipitopito rārangi puna kōrero
Hōputu: Pukapuka
Reo:Pāniora
I whakaputaina: Santiago Museo Nacional de Bellas Artes 1997
Ngā marau:
Ngā Tūtohu: Tāpirihia he Tūtohu
Kāore He Tūtohu, Me noho koe te mea tuatahi ki te tūtohu i tēnei pūkete!

MARC

LEADER 00000nam a2200000 a 4500
001 UCK0152
003 CL-VaPUC
008 040915e19970000CL |||||||||||||||||spa|d
082 0 4 |a 759.6  |b GEN  |2 21 
245 1 3 |a El genio de Salvador Dalí 
300 |a 70 p 
942 |c BK 
945 |d 20040915 00:00:00  |a cmena 
260 |a Santiago  |b Museo Nacional de Bellas Artes  |c 1997 
600 0 |a Dalí, Salvador  |e author  |9 303663 
650 0 |a Pintores españoles  |9 315216 
650 0 |a Arte moderno  |9 265333 
650 0 |a Surrealismo  |9 265502 
650 7 |a EXPOSICIONES ARTISTICAS  |2 CL-VaPUC  |9 488022 
583 |a last modification  |c 20040915 00:00:00  |k Rodrigo Vera 
999 |c 310643  |d 310641 
952 |0 0  |1 0  |4 0  |6 759_600000000000000_GEN_1997  |7 0  |8 R  |9 379522  |a BIBART  |b BIBART  |d 2019-11-21  |i 4060989  |o 759.6 GEN 1997  |p 4060989  |r 2025-03-13  |w 2019-11-21  |y BK_R  |k ART